书目信息 |
| 题名: |
辽金元教育论著选
|
|
| 作者: | 张鸣岐 主编 | |
| 分册: | ||
| 出版信息: | 北京 人民教育出版社 1991.7 |
|
| 页数: | 578页 | |
| 开本: | 21cm | |
| 丛书名: | 中国古代教育论著丛书 | |
| 单 册: | ||
| 中图分类: | G40-092.4 , G409 | |
| 科图分类: | ||
| 主题词: | 教育理论--中国--辽、金、元--汇编 , 教育学 | |
| 电子资源: | ||
| ISBN: | 7-107-10633-3 | |
| 000 | 00798oam2 2200253 450 | |
| 001 | 1547319995 | |
| 005 | 20150121130853.84 | |
| 010 | @a7-107-10633-3@b精装@dCNY12.35 | |
| 100 | @a19991020d1991 em y0chiy50 ea | |
| 101 | 0 | @achi |
| 105 | @ay z 000y | |
| 200 | 1 | @a辽金元教育论著选@9liao jin yuan jiao yu lun zhu xuan@f张鸣岐主编 |
| 210 | @a北京@c人民教育出版社@d1991.7 | |
| 215 | @a578页@d21cm | |
| 225 | 2 | @a中国古代教育论著丛书 |
| 330 | @a本书对辽金元时期300余篇重要 教育论著进 行了汇集、整理、选编、点校及教育家小传。 | |
| 461 | 0 | @12001 @a中国古代教育论著丛书 |
| 606 | @a教育理论@y中国@z辽、金、元@x汇编 | |
| 606 | 0 | @a教育学 |
| 690 | @aG40-092.4@v5 | |
| 690 | @aG409@v4 | |
| 701 | 0 | @a张鸣岐@9zhang ming qi@4主编 |
| 801 | 0 | @aCN@bTSSF@c20150121 |
| 905 | @aZUCC@dG409@eJY24 | |
| 辽金元教育论著选/张鸣岐主编.-北京:人民教育出版社,1991.7 |
| 578页;21cm.-(中国古代教育论著丛书) |
| ISBN 7-107-10633-3(精装):CNY12.35 |
| 本书对辽金元时期300余篇重要 教育论著进 行了汇集、整理、选编、点校及教育家小传。 |
| ● |
| 相关链接 |
|
|
|
|
正题名:辽金元教育论著选
索取号:G409/JY24
 
预约/预借
| 序号 | 登录号 | 条形码 | 馆藏地/架位号 | 状态 | 备注 |
| 1 | 7837049 | 278370497 | 学院路分馆/ [索取号:G409/JY24] | 在馆 |